Statistiques concernant LES PREMIERS MINISTRES DE LA VE RÉPUBLIQUE DE 1958 À 2020

Cliquez ici pour prendre le quiz!

Statistiques générales

  • Ce quiz a été pris 55 fois
  • Le résultat moyen est 16 sur 23

Statistiques - réponses

HintRéponse% Correct
2020Jean Castex
98%
2014-2016Manuel Valls
98%
2017-2020Edouard Philippe
96%
1974-1976
et 1986-1988
Jacques Chirac
96%
1962-1968George Pompidou
92%
1997-2002Lionel Jospin
85%
2007-2012François Fillon
81%
2005-2007Dominique de Villepin
75%
2016-2017Bernard Cazeneuve
73%
1993-1995Edouard Balladur
73%
1991-1992Efith Cresson
71%
2012-2014Jean-Marc Ayrault
69%
2002-2005Jean-Pierre Raffarin
65%
1995-1997Alain Juppé
60%
1959-1962Michel Debré
58%
1992-1993Pierre Bérégovoy
56%
1969-1972Jacques Chaban-Delmas
54%
1984-1986Laurent Fabius
50%
1968-1969Maurice Couve De Murville
48%
1988-1991Michel Rocard
48%
1981-1984Pierre Mauroy
44%
1976-1981Raymond Barre
38%
1972-1974Pierre Messmer
27%

Distribution des résultats

Percentile par nombre de réponses

% des personnes avec chaque résultat

Votre développement - résultats

Vous n’avez pas pris ce quiz